Mathématique en quatrième

Tallennettuna:
Bibliografiset tiedot
Päätekijä: Galion, E (Tekijä)
Aineistotyyppi: Kirja
Kieli:ranska
Julkaistu: París O.C.D.L 1975
Aiheet:
Tagit: Lisää tagi
Ei tageja, Lisää ensimmäinen tagi!

MARC

LEADER 00000nam a2200000 a 4500
001 UCQ8758
003 CL-VaPUC
008 981217e19750000FR |||||||||||||||||fre|d
082 0 4 |a 372.7  |b GAL  |2 21 
100 |a Galion, E  |e author  |9 431798 
245 1 0 |a Mathématique en quatrième 
300 |a Pag. irreg 
942 |c BK 
945 |d 19981217 00:00:00  |a cmena 
260 |a París  |b O.C.D.L  |c 1975 
650 0 |a Matemática  |9 260235 
650 0 |a Métodos de enseñanza  |9 270413 
650 0 |a Educación básica   |9 224933 
650 0 |a Matemáticas  |x Enseñanza  |9 875527 
583 |a last modification  |c 19981217 00:00:00  |k Rodrigo Vera 
999 |c 277937  |d 277935